000 00615nam a2200265Ia 4500
005 20260306164152.0
008 008 260114s9999 xx 000 0 eng d
020 _a9780823266593
037 _aEBOOK
040 _aCRL
040 _beng
040 _cCRL
041 _2eng
041 _aeng
084 _qCRL
100 _aBodei
_91130139
245 4 _aThe Life Of Things, The Love Of Things
260 _bFordham University Press
260 _c2015
650 _aPhilosophy
856 _uhttps://academic.oup.com/book/15121
942 _cEBOOK
999 _c1713024
_d1713024